La Arquitectura del Humanismo (Record no. 139295)

MARC details
000 -LEADER
campo de control de longitud fija 00587nam a2200181 4500
001 - NÚMERO DE CONTROL
campo de control 139295
003 - IDENTIFICADOR DE NÚMERO DE CONTROL
campo de control ES-MaACL
005 - FECHA Y HORA DE LA ÚLTIMA TRANSACCIÓN
campo de control 20230906195743.0
007 - CAMPO FIJO DE DESCRIPCIÓN FÍSICA--INFORMACIÓN GENERAL
campo de control de longitud fija t|
008 - DATOS DE LONGITUD FIJA--INFORMACIÓN GENERAL
campo de control de longitud fija 070214s1970 sp r ||||1| spa d
100 1# - ENTRADA PRINCIPAL--NOMBRE DE PERSONA
Nombre de persona Scott, Geoffrey.
9 (RLIN) 104946
245 13 - MENCIÓN DEL TÍTULO
Título La Arquitectura del Humanismo
Resto del título : un estudio sobre la historia del gusto /
Mención de responsabilidad, etc. Geoffrey Scott; [traducción de José Luis Cano Tembleque].
250 ## - MENCION DE EDICION
Mención de edición 1ª ed.
260 ## - PUBLICACIÓN, DISTRIBUCIÓN, ETC.
Lugar de publicación, distribución, etc. Barcelona :
Nombre del editor, distribuidor, etc. Barral,
Fecha de publicación, distribución, etc. 1970.
300 ## - DESCRIPCIÓN FÍSICA
Extensión 209 p. ;
Dimensiones 20 cm.
700 1# - ENTRADA AGREGADA--NOMBRE PERSONAL
Nombre de persona Cano Tembleque, José Luis.
9 (RLIN) 34573
852 ## - LOCALIZACIÓN
Ubicación ES-MaACL
Número de control de estantería C-39853
Sublocalización o colección R.75594
Holdings
Estatus retirado Estado de pérdida Estado de daño No para préstamo Biblioteca de origen Biblioteca actual Ubicación en estantería Fecha de adquisición Fuente de adquisición Total de préstamos Signatura topográfica completa Código de barras Visto por última vez Precio de reemplazo Tipo de ítem Koha
        Biblioteca del Ateneo de Madrid Biblioteca del Ateneo de Madrid Depósito 2 17/01/2008     C-39853 1144960 23/02/2023 23/02/2023 Libro impreso